000
00252nam a2200097Ia 4500
001
1198317
005
20250827021843.0
008
250824s9999 xx 000 0 und d
245
0
_a
CENTİLMENLER VE OYUNCULAR
_c
JOANNE HARRİS
260
_b
ALTIN KİTAPLAR
999
_c
1198317
_d
1198317